[Event "zonal 1.1b"]
[Site "Brussels BEL"]
[Date "1993.??.??"]
[Round "10"]
[White "Meulders, Richard"]
[Black "Collin, Denis"]
[Result "1-0"]
[WhiteElo "2330"]
[BlackElo "2265"]
[EventDate "1993.04.??"]
[PlyCount "75"]

1.d4 Nf6 2.c4 g6 3.Nf3 Bg7 4.g3 O-O 5.Bg2 d5 6.cxd5 Nxd5 7.O-O Na6 8.e4 
Nb6 9.Nc3 c5 10.d5 e6 11.Bg5 f6 12.Be3 e5 13.Qb3 Rf7 14.Rfd1 Bf8 15.a4 Bg4
16.a5 Nc8 17.h3 Bxf3 18.Bxf3 Nd6 19.Nb5 Kg7 20.Nxd6 Bxd6 21.Bg4 Nb4 22.Be6
Rc7 23.Qc3 b5 24.axb6 axb6 25.Qd2 Rca7 26.Rxa7+ Rxa7 27.f4 c4 28.fxe5 fxe5
29.Bh6+ Kh8 30.Bg5 Be7 31.Bxe7 Rxe7 32.Qxb4 Rxe6 33.Rf1 Rf6 34.Qxc4 Rxf1+ 
35.Kxf1 Qd7 36.Kg2 Kg7 37.Qc6 Qd8 38.h4 1-0

[Event "zonal 1.1b"]
[Site "Brussels BEL"]
[Date "1993.??.??"]
[Round "10"]
[White "Nijboer, Friso"]
[Black "Vandevoort, Pascal"]
[Result "1-0"]
[WhiteElo "2505"]
[BlackElo "2310"]
[EventDate "1993.04.??"]
[PlyCount "57"]

1.e4 d5 2.exd5 Nf6 3.Nf3 Qxd5 4.Nc3 Qh5 5.Be2 Bg4 6.O-O Nc6 7.h3 Bxf3 8.
Bxf3 Qf5 9.d4 g5 10.Re1 Rd8 11.d5 Ne5 12.Be4 Nxe4 13.Nxe4 Bg7 14.c4 O-O 
15.Qb3 h6 16.Bd2 b5 17.cxb5 Rxd5 18.Nf6+ exf6 19.Qxd5 h5 20.Bc3 g4 21.hxg4
hxg4 22.Bxe5 fxe5 23.Rac1 Bf6 24.Qe4 Qe6 25.Rc4 Bg7 26.Qc6 Qf5 27.Qxc7 Bf6
28.Qxa7 Rd8 29.Qe3 1-0

[Event "zonal 1.1b"]
[Site "Brussels BEL"]
[Date "1993.??.??"]
[Round "10"]
[White "Prie, Eric"]
[Black "Wians, Camille"]
[Result "1-0"]
[WhiteElo "2470"]
[BlackElo "2265"]
[EventDate "1993.04.??"]
[PlyCount "51"]

1.e4 c5 2.Nf3 d6 3.d4 cxd4 4.Nxd4 Nf6 5.Nc3 a6 6.Bg5 e6 7.f4 Qc7 8.Qe2 
Nbd7 9.O-O-O Be7 10.g3 O-O 11.Bg2 Nb6 12.h4 e5 13.Nf5 Bxf5 14.exf5 Rac8 
15.g4 exf4 16.Bxf4 Nc4 17.Rh3 Qb6 18.b3 Ne5 19.g5 Rxc3 20.Rxc3 Nfd7 21.Kb1
Qb4 22.Qd2 d5 23.Qd4 Nc4 24.Rxc4 dxc4 25.Qxd7 cxb3 26.axb3 1-0

[Event "zonal 1.1b"]
[Site "Brussels BEL"]
[Date "1993.??.??"]
[Round "10"]
[White "Vaisser, Anatoli"]
[Black "Van der Wiel, John"]
[Result "1/2-1/2"]
[WhiteElo "2555"]
[BlackElo "2555"]
[EventDate "1993.04.??"]
[PlyCount "32"]

1.d4 Nf6 2.c4 e6 3.Nc3 Bb4 4.e3 c5 5.Ne2 cxd4 6.exd4 d5 7.c5 Ne4 8.Bd2 
Nxd2 9.Qxd2 Qf6 10.a3 Ba5 11.b4 Bd8 12.g3 Qf3 13.Rg1 Qf6 14.Qe3 O-O 15.g4 
g6 16.g5 Qg7 1/2-1/2

[Event "zonal 1.1b"]
[Site "Brussels BEL"]
[Date "1993.??.??"]
[Round "11"]
[White "Berend, Fred"]
[Black "Le Quang, Kim"]
[Result "0-1"]
[WhiteElo "2305"]
[BlackElo "2215"]
[EventDate "1993.04.??"]
[PlyCount "98"]

1.e4 c5 2.Nf3 e6 3.g3 Nc6 4.Bg2 d6 5.O-O Nf6 6.Re1 Be7 7.d4 cxd4 8.Nxd4 
Bd7 9.b3 O-O 10.Bb2 a6 11.c4 Rc8 12.Nc3 Qb6 13.Nc2 Rfd8 14.Ne3 Be8 15.Kh1 
Qa7 16.f4 Qb8 17.a4 Qc7 18.Rc1 Qb6 19.Rb1 Nb4 20.Ba1 Bf8 21.Rb2 Nd7 22.Nc2
Nxc2 23.Qxc2 Nb8 24.Qf2 Qc7 25.Rd2 Nc6 26.Rb1 Na5 27.Qe2 b6 28.h3 Rb8 29.
f5 Nc6 30.Kh2 Ne5 31.Nd1 b5 32.fxe6 bxa4 33.Ne3 fxe6 34.b4 Be7 35.Rc2 Rdc8
36.Bf1 Nc6 37.Ng4 Bg6 38.b5 Na5 39.Qd2 Nb3 40.Qc3 Nxa1 41.Rxa1 h5 42.Qf3 
Rf8 43.Qe2 hxg4 44.Qxg4 Rf6 45.bxa6 Qc5 46.Bg2 Bh5 47.a7 Ra8 48.e5 Bxg4 
49.exf6 Bxf6 0-1

[Event "zonal 1.1b"]
[Site "Brussels BEL"]
[Date "1993.??.??"]
[Round "11"]
[White "Bricard, Emmanuel"]
[Black "Van der Sterren, Paul"]
[Result "0-1"]
[WhiteElo "2460"]
[BlackElo "2490"]
[EventDate "1993.04.??"]
[PlyCount "80"]

1.c4 e6 2.g3 d5 3.Bg2 Nf6 4.Nf3 dxc4 5.Qa4+ Nbd7 6.Qxc4 c5 7.d4 a6 8.Qc2 
b5 9.O-O Bb7 10.a4 Rc8 11.axb5 axb5 12.dxc5 Bxc5 13.Qb3 b4 14.Nbd2 Bd5 15.
Qd3 O-O 16.b3 Be7 17.Bb2 Nc5 18.Qe3 Ng4 19.Qd4 Bf6 20.Qxg4 Bxb2 21.Rad1 
Bc3 22.e4 Ba8 23.e5 Qc7 24.Nc4 Nxb3 25.Nd6 Rb8 26.Ng5 Bxg2 27.Kxg2 Nc5 28.
f4 h6 29.Nf3 b3 30.f5 Rb4 31.Nd4 exf5 32.N6xf5 Qxe5 33.Rf4 Rb6 34.Nf3 Qe2+
35.Kh3 Qxd1 36.Ne7+ Kh8 37.Rxf7 Nd7 38.Qc4 Rxf7 39.Qxf7 Qf1+ 40.Kh4 Bf6+ 
0-1

[Event "zonal 1.1b"]
[Site "Brussels BEL"]
[Date "1993.??.??"]
[Round "11"]
[White "David, Alberto"]
[Black "Vandevoort, Pascal"]
[Result "1-0"]
[WhiteElo "2380"]
[BlackElo "2310"]
[EventDate "1993.04.??"]
[PlyCount "81"]

1.e4 c5 2.Nf3 Nc6 3.Bb5 e6 4.O-O Nge7 5.Nc3 a6 6.Bxc6 Nxc6 7.d4 cxd4 8.
Nxd4 d6 9.Re1 Bd7 10.Nxc6 bxc6 11.e5 d5 12.Qg4 Rb8 13.b3 c5 14.Ne2 h5 15.
Qf3 Qh4 16.Ba3 Rc8 17.c4 dxc4 18.Qb7 cxb3 19.axb3 Qd8 20.Qxa6 Qc7 21.Nc3 
Bc6 22.Qc4 Rh6 23.f4 Rg6 24.Ra2 Qb7 25.Ree2 Ra8 26.g3 Rg4 27.Bxc5 Rc8 28.
Ra7 Qb8 29.Bf2 Bb4 30.Bc5 Bxc5+ 31.Qxc5 Bd7 32.Qd4 Rc7 33.Rea2 Rxa7 34.
Rxa7 Qd8 35.Ne4 h4 36.Qb4 hxg3 37.hxg3 f5 38.Nd6+ Kf8 39.Qb7 Rxg3+ 40.Kf2 
Qh4 41.Ra8+ 1-0

[Event "zonal 1.1b"]
[Site "Brussels BEL"]
[Date "1993.??.??"]
[Round "11"]
[White "Dutreeuw, Marc"]
[Black "Renet, Olivier"]
[Result "1-0"]
[WhiteElo "2450"]
[BlackElo "2535"]
[EventDate "1993.04.??"]
[PlyCount "73"]

1.e4 c5 2.Nf3 d6 3.d4 cxd4 4.Nxd4 Nf6 5.Nc3 a6 6.Be3 e5 7.Nde2 Be6 8.Ng3 
h5 9.Be2 h4 10.Nf1 Nbd7 11.Nd2 Rc8 12.O-O Be7 13.h3 g6 14.Nf3 Rxc3 15.bxc3
Nxe4 16.c4 Nc3 17.Qe1 Nxe2+ 18.Qxe2 Qc7 19.Nd2 f5 20.Rab1 O-O 21.f4 Bf6 
22.Kh1 Qc6 23.Rb4 Re8 24.Rfb1 Bf7 25.Qf3 d5 26.Rxb7 e4 27.Qf2 dxc4 28.R1b6
Nxb6 29.Rxb6 Qa4 30.Rxf6 Qxc2 31.Qxh4 Qd3 32.Qg3 Kg7 33.Rxf5 c3 34.Nb3 
Bxb3 35.axb3 Rc8 36.Rg5 Rc6 37.f5 1-0

[Event "zonal 1.1b"]
[Site "Brussels BEL"]
[Date "1993.??.??"]
[Round "11"]
[White "Geenen, Marc"]
[Black "Ballester"]
[Result "1-0"]
[WhiteElo "2320"]
[BlackElo "2225"]
[EventDate "1993.04.??"]
[PlyCount "53"]

1.e4 c6 2.d4 d5 3.f3 e6 4.Nc3 Nf6 5.e5 Nfd7 6.f4 c5 7.Nf3 Nc6 8.Be3 Ne7 9.
Qd2 c4 10.g3 Nf5 11.Bf2 h5 12.Bg2 Be7 13.Ne2 Nb8 14.h3 Nc6 15.c3 Bd7 16.
Qc2 g6 17.Kd2 Kf8 18.g4 Ng7 19.Ng3 b5 20.gxh5 Nxh5 21.Nxh5 Rxh5 22.h4 Kg7 
23.Bh3 Rb8 24.Bg4 Rh6 25.Be3 Bxh4 26.f5 g5 27.f6+ 1-0

[Event "zonal 1.1b"]
[Site "Brussels BEL"]
[Date "1993.??.??"]
[Round "11"]
[White "Nijboer, Friso"]
[Black "Vaisser, Anatoli"]
[Result "1/2-1/2"]
[WhiteElo "2505"]
[BlackElo "2555"]
[EventDate "1993.04.??"]
[PlyCount "93"]

1.e4 c5 2.Nf3 Nc6 3.Bb5 e6 4.O-O Nge7 5.Re1 Ng6 6.c3 a6 7.Bxc6 bxc6 8.e5 
f6 9.d4 cxd4 10.cxd4 fxe5 11.Bg5 Be7 12.Bxe7 Qxe7 13.dxe5 O-O 14.Nbd2 c5 
15.Qb3 a5 16.Rac1 Ba6 17.g3 Rab8 18.Qc3 Bb7 19.Re3 a4 20.Qa3 Bd5 21.Ne1 
Qg5 22.Nd3 c4 23.Nxc4 Qg4 24.Nd2 h5 25.Rf1 Nh4 26.f3 Qd4 27.Qc5 Qxc5 28.
Nxc5 Rxb2 29.Rd3 Rxd2 30.Rxd2 Nxf3+ 31.Rxf3 Rxf3 32.Nxa4 Ra3 33.Nb6 Bxa2 
34.Rxd7 Kh7 35.Kf2 Ra5 36.Rd2 Kg6 37.Nc8 Bc4 38.Ne7+ Kf7 39.Rd7 Ke8 40.Rc7
Rxe5 41.Ng6 Rf5+ 42.Ke3 Rg5 43.Rxg7 Ba2 44.Kf4 Rf5+ 45.Ke3 Rg5 46.Kf4 Rf5+
47.Ke3 1/2-1/2

[Event "zonal 1.1b"]
[Site "Brussels BEL"]
[Date "1993.??.??"]
[Round "11"]
[White "Prie, Eric"]
[Black "Bosboom, Manuel"]
[Result "1/2-1/2"]
[WhiteElo "2470"]
[BlackElo "2425"]
[EventDate "1993.04.??"]
[PlyCount "115"]

1.d4 Nf6 2.c4 g6 3.g3 Bg7 4.Bg2 O-O 5.Nc3 d6 6.Nf3 Nbd7 7.O-O e5 8.Qc2 Re8
9.Rd1 c6 10.e4 exd4 11.Nxd4 Qe7 12.Be3 a6 13.Nb3 Ng4 14.Bd4 Nge5 15.Qe2 b5
16.cxb5 axb5 17.f4 b4 18.fxe5 dxe5 19.Bf2 bxc3 20.bxc3 Qe6 21.Rd2 Bf8 22.
Rad1 h5 23.Be3 Nf6 24.Nc5 Qe7 25.h3 Be6 26.Rb2 Reb8 27.Rdd2 Nd7 28.Rxb8 
Rxb8 29.Nxd7 Bxd7 30.Qa6 Rb1+ 31.Kh2 Kg7 32.a4 Ra1 33.a5 Be6 34.Qb6 Qa3 
35.Rd8 Be7 36.Re8 Ra2 37.Qb8 Bf6 38.Qb4 Qxb4 39.cxb4 Bc4 40.Kg1 Re2 41.Bc5
h4 42.Bf2 Rb2 43.gxh4 Rxb4 44.Bg3 Rb1+ 45.Kh2 Rb5 46.a6 Ra5 47.a7 Rxa7 48.
Bxe5 Ra2 49.Kg3 Bb5 50.Bxf6+ Kxf6 51.e5+ Kf5 52.Re7 Ra3+ 53.Kf2 Rc3 54.Bf3
Kf4 55.Rxf7+ Kxe5 56.h5 gxh5 57.h4 c5 58.Rh7 1/2-1/2

[Event "zonal 1.1b"]
[Site "Brussels BEL"]
[Date "1993.??.??"]
[Round "11"]
[White "Relange, Eloi"]
[Black "Meulders, Richard"]
[Result "1-0"]
[WhiteElo "2295"]
[BlackElo "2330"]
[EventDate "1993.04.??"]
[PlyCount "67"]

1.e4 c5 2.Nf3 e6 3.c3 d5 4.e5 Nc6 5.d4 Bd7 6.Be2 f6 7.O-O Qc7 8.Bf4 Nge7 
9.Bg3 Nf5 10.exf6 Nxg3 11.f7+ Kxf7 12.fxg3 Kg8 13.Ng5 Nd8 14.Bd3 Be7 15.
Qh5 Bxg5 16.Qxg5 Qd6 17.Kh1 c4 18.Bc2 Nf7 19.Qh5 Qe7 20.Nd2 Nd6 21.Rae1 
Re8 22.Nf3 g6 23.Qe5 Nf7 24.Qc7 Bc6 25.Qf4 Kg7 26.Ne5 Rhf8 27.Ng4 Qg5 28.
Nf6 Re7 29.Qf2 Kh8 30.h4 Qh6 31.Nxd5 Bxd5 32.Qf6+ Kg8 33.Qxe7 Qd2 34.Be4 
1-0

[Event "zonal 1.1b"]
[Site "Brussels BEL"]
[Date "1993.??.??"]
[Round "11"]
[White "Sosonko, Gennadi"]
[Black "Blees, Albert"]
[Result "1-0"]
[WhiteElo "2535"]
[BlackElo "2405"]
[EventDate "1993.04.??"]
[PlyCount "49"]

1.d4 Nf6 2.Nf3 e6 3.g3 b6 4.Bg2 Bb7 5.c4 Bb4+ 6.Bd2 c5 7.O-O O-O 8.Qb3 
Bxd2 9.Nbxd2 Qc7 10.Rac1 d6 11.Qd3 Nbd7 12.e4 cxd4 13.Nxd4 a6 14.b4 Rad8 
15.h3 Qb8 16.Rfe1 d5 17.exd5 exd5 18.c5 bxc5 19.bxc5 Rc8 20.Qa3 Qa7 21.
N2b3 Bc6 22.Nf5 Rc7 23.Nbd4 Nb8 24.Qe3 h6 25.Nxg7 1-0

[Event "zonal 1.1b"]
[Site "Brussels BEL"]
[Date "1993.??.??"]
[Round "11"]
[White "Wians, Camille"]
[Black "Hauchard, Arnaud"]
[Result "0-1"]
[WhiteElo "2265"]
[BlackElo "2450"]
[EventDate "1993.04.??"]
[PlyCount "56"]

1.d4 Nf6 2.Nf3 d6 3.Nc3 g6 4.e4 Bg7 5.Be2 O-O 6.O-O Nc6 7.d5 Nb8 8.h3 e5 
9.dxe6 Bxe6 10.Be3 Nc6 11.Nd4 Bd7 12.f4 Re8 13.Bf3 a6 14.Qd2 Qe7 15.Rae1 
Qf8 16.g4 Nxd4 17.Bxd4 Bc6 18.e5 Nd7 19.Bd5 dxe5 20.fxe5 Nxe5 21.Bxe5 Rxe5
22.Rxe5 Bxe5 23.Qe3 Qd6 24.Rd1 Qe7 25.Bxc6 bxc6 26.Ne2 Re8 27.Rd3 Bh2+ 28.
Kf2 Qh4+ 0-1